Statistics for 2019 Rugby World Cup - Host Cities

Click here to take the quiz!

General Stats

  • This quiz has been taken 61 times
  • The average score is 6 of 12

Answer Stats

Stadium NameCity% Correct
Ajinomoto StadiumChofu
96%
International Stadium, Y*******Yokohama
87%
Hanazono Rugby StadiumHigashi Osaka
80%
S****** DomeSapporo
72%
K*** City Misaki ParkKobe
67%
Toyota StadiumToyota
67%
Level-5 StadiumFukuoka
48%
O*** Bank DomeOita
31%
S******* StadiumFukuroi
28%
Umakana Yokona StadiumKumamoto
19%
K******* Recovery Memorial StadiumKamaishi
17%
K******* Rugby StadiumKumagaya
11%

Score Distribution

Percentile by Number Answered

Percent of People with Each Score

Your Score History

You have not taken this quiz